Normal view
MARC view
Entry Topical Term
001 - CONTROL NUMBER
- control field: 27504
003 - CONTROL NUMBER IDENTIFIER
- control field: dpl
005 - DATE AND TIME OF LATEST TRANSACTION
- control field: 20110428105001.0
008 - FIXED-LENGTH DATA ELEMENTS
- fixed length control field: 110428|||a|||||| | ||| d
040 ## - CATALOGING SOURCE
- Original cataloging agency: dpl
- Transcribing agency: dpl
150 ## - HEADING--TOPICAL TERM
- Topical term or geographic name as entry element: Corporations-finance
670 ## - SOURCE DATA FOUND
- Source citation: Work cat.: (dpl)39485: Tandon, Ramanjit 27503, Financial management :, 2009
670 ## - SOURCE DATA FOUND
- Source citation: Work cat.: (dpl)39485: Tandon, Ramanjit 27503, Financial management :, 2009
